| 000 | 00346nam a2200121Ia 4500 | ||
|---|---|---|---|
| 008 | 220613s9999||||xx |||||||||||||| ||und|| | ||
| 100 | _aProf Mayilvahanan Natrarajan | ||
| 245 | 0 | _aNatarajans Textbook Of Orthopaedics And Traumatology With Multiple Choice Questions | |
| 250 | _a6th(2005) | ||
| 300 | _a275 | ||
| 650 | _aOrthopedics | ||
| 942 | _cSURG | ||
| 999 |
_c7168 _d7168 |
||